Yoga y sexo

Gespeichert in:
Bibliographische Detailangaben
1. Verfasser: Garrison, Omar V (VerfasserIn)
Format: Buch
Sprache:Spanisch
Veröffentlicht: Buenos Aires Ediciones Siglo Veinte 1971
Schlagworte:
Tags: Tag hinzufügen
Keine Tags, Fügen Sie den ersten Tag hinzu!

MARC

LEADER 00000cam a2200000 a 4500
001 UCF8622
003 CL-VaPUC
008 130930e19710000ag |||||||||||||||||spa|d
082 0 4 |a 613.7046  |b GAR  |2 21 
100 0 |a Garrison, Omar V  |e author  |9 570736 
245 1 0 |a Yoga y sexo 
300 |a 262 p 
942 |c BK 
945 |d 20130930 13:19:00  |a dcastane 
260 |a Buenos Aires  |b Ediciones Siglo Veinte  |c 1971 
650 0 |a Yoga   |9 312609 
650 0 |a Sexualidad  |9 358183 
650 0 |a Sexo  |9 257818 
583 |a last modification  |c 20130930 13:19:00  |k Rodrigo Vera 
999 |c 353189  |d 353187 
952 |0 0  |1 0  |3 erb  |4 0  |6 613_704600000000000_GAR_1971  |7 0  |8 A  |9 458268  |a BIBEDU  |b BIBEDU  |d 2019-11-23  |i 500263K  |o 613.7046 GAR 1971  |p 500263K  |r 2019-11-23  |w 2019-11-23  |y BK  |z Catalogado en:20130930  |k PSI